Statistics for Taylor Swift - Fresh Out The Slammer (Lyrics)

Click here to take the quiz!

General Stats

  • This quiz has been taken 24 times
  • The average score is 213 of 262

Answer Stats

Answer% Correct
baby
100%
baby,
100%
back
100%
be
100%
call
100%
first
100%
Fresh
100%
he
100%
He
100%
home
100%
I
100%
I'm
100%
know
100%
my
100%
My
100%
no
100%
now
100%
Now
100%
on
100%
one
100%
out
100%
pretty
100%
runnin'
100%
running
100%
slammer
100%
the
100%
to
100%
To
100%
who
100%
will
100%
you
100%
American
86%
And
86%
and
86%
Another
86%
At
86%
at
86%
don't
86%
girl
86%
gleams
86%
gonna
86%
hear
86%
her
86%
his
86%
house
86%
imaginary
86%
in
86%
In
86%
just
86%
me
86%
of
86%
rings
86%
says
86%
sit
86%
spell
86%
summer,
86%
under
86%
understand
86%
used
86%
was
86%
we
86%
where
86%
again
71%
all
71%
All
71%
alright,
71%
bashes
71%
But
71%
but
71%
Camera
71%
children's
71%
cover,
71%
did
71%
dinners,
71%
dreams
71%
fights
71%
flashes,
71%
For
71%
goin'
71%
hour
71%
it
71%
it's
71%
kept
71%
line,
71%
lose
71%
matter
71%
never
71%
poems
71%
Splintered
71%
starting
71%
sunshine
71%
swings
71%
taking
71%
that
71%
time
71%
tunnels
71%
Wearing
71%
we're
71%
with
71%
Ain't
57%
As
57%
better
57%
bitter
57%
blue
57%
feeling
57%
friends
57%
glimpse
57%
Gray
57%
Handcuffed
57%
here
57%
how
57%
into
57%
letters,
57%
light
57%
nights
57%
off
57%
park
57%
porch
57%
said
57%
silent
57%
smile
57%
stake
57%
still
57%
Swirled
57%
those
57%
thunder
57%
toss
57%
tried
57%
up,
57%
up
57%
wait
57%
way
57%
welcome
57%
what
57%
what's
57%
winter,
57%
wouldn't
57%
anyway
43%
ashes
43%
ceilings
43%
daily
43%
disappearing
43%
Get
43%
ledge
43%
matches,
43%
rolling
43%
screw
43%
shade
43%
Years
43%
done,
29%
I've
29%
labor,
29%
locks
29%
Watched
29%

Score Distribution

Percentile by Number Answered

Percent of People with Each Score

Your Score History

You have not taken this quiz